[Event "London Classic Open 2017"]
[Site "London ENG"]
[Date "2017.12.08"]
[Round "8.71"]
[White "Stewart, Ashley"]
[Black "Ifalore, Michael"]
[Result "1-0"]
[WhiteElo "2135"]
[BlackElo "1962"]
[WhiteFideId "419001"]
[BlackFideId "436356"]
[EventDate "2017.12.02"]

1. c4 Nf6 2. g3 e6 3. Bg2 d5 4. Nf3 Be7 5. d4 O-O 6. Qc2 a6 7. Bf4 c5 8. O-O
Nbd7 9. dxc5 Bxc5 10. Nbd2 Qe7 11. e4 e5 12. Bg5 d4 13. Ne1 b5 14. Nd3 bxc4 15.
Nxc4 h6 16. Bxf6 gxf6 17. f4 Bb7 18. fxe5 fxe5 19. Ncxe5 Nxe5 20. Qxc5 Qxc5 21.
Nxc5 Bc6 22. Rad1 Rfd8 23. b3 Ng4 24. Rd2 Ne3 25. Rf6 Rac8 26. Bh3 Bd7 27. Nxd7
Rc1+ 28. Kf2 Rxd7 29. Bxd7 Rf1+ 30. Ke2 Rxf6 31. Rxd4 Nc2 32. Rc4 Na3 33. Rc6
Rxc6 34. Bxc6 Nc2 35. Bb7 a5 36. Bd5 Kg7 37. Kd2 Nd4 38. Kd3 Nf3 39. h4 1-0

[Event "London Classic Open 2017"]
[Site "London ENG"]
[Date "2017.12.08"]
[Round "8.72"]
[White "Englisch, Colya"]
[Black "Nelson, Omowale"]
[Result "1-0"]
[WhiteElo "2128"]
[BlackElo "1949"]
[WhiteFideId "36080420"]
[BlackFideId "7400209"]
[EventDate "2017.12.02"]

1. d4 d5 2. Nf3 Nf6 3. g3 Bf5 4. Bg2 e6 5. O-O h6 6. c4 c6 7. Nc3 Bd6 8. Nd2 O-O
9. e4 dxe4 10. Ndxe4 Nxe4 11. Nxe4 Be7 12. Bf4 g5 13. Be3 Kg7 14. Qb3 Qc8 15. d5
cxd5 16. cxd5 exd5 17. Nc3 Nc6 18. Nxd5 Bd6 19. f4 gxf4 20. Nxf4 Be5 21. Nh5+
Kh7 22. Bc5 Nd4 23. Qd5 Qe6 24. Bxf8 Rxf8 25. Rae1 Qxd5 26. Bxd5 f6 27. Rxf5
Nxf5 28. Be4 Kg6 29. g4 Bxb2 30. Bxf5+ Kf7 31. Nf4 Rd8 32. Bg6+ Kg8 33. Re8+
Rxe8 34. Bxe8 Kf8 35. Bg6 Ke7 36. Kf2 Kd6 37. Ke3 b5 38. h4 a5 39. Ke4 b4 40.
Be8 Ke7 41. Ba4 Kf7 42. Kf5 Bc3 43. Nd5 Bd4 44. h5 Bb2 45. Bb3 Kg7 46. Ne7 Bd4
47. Nc6 Bb6 48. Ke6 Bc7 49. Nd4 1-0

[Event "London Classic Open 2017"]
[Site "London ENG"]
[Date "2017.12.08"]
[Round "8.73"]
[White "Stoyanov, Viktor"]
[Black "Smith, Andrew Philip"]
[Result "1-0"]
[BlackTitle "FM"]
[WhiteElo "1950"]
[BlackElo "2126"]
[WhiteFideId "450308"]
[BlackFideId "2500833"]
[EventDate "2017.12.02"]

1. d4 Nf6 2. Nf3 g6 3. Bg5 Bg7 4. Nbd2 d6 5. c3 h6 6. Bh4 g5 7. Bg3 Nh5 8. e4
Nxg3 9. hxg3 Nd7 10. Nc4 Nf6 11. Bd3 d5 12. exd5 Nxd5 13. Qe2 c6 14. Nfe5 Qc7
15. Qh5 Be6 16. a4 b5 17. axb5 cxb5 18. Na3 b4 19. Nb5 Qb8 20. c4 Nf6 21. Qf3
O-O 22. Nc6 Qb7 23. Nxb4 Qd7 24. Qc6 Rfc8 25. Qxd7 Bxd7 26. Nc3 Rcb8 27. Nb5
Bxb5 28. cxb5 a5 29. Na6 Rb6 30. Rxa5 Nd5 31. O-O Bxd4 32. Be4 Rd6 33. Rd1 e5
34. Ra2 Rad8 35. Rc1 Nf6 36. Bf5 Nh5 37. Kf1 Rf6 38. g4 Rdd6 39. Rc8+ Kg7 40.
Nc7 1-0

[Event "London Classic Open 2017"]
[Site "London ENG"]
[Date "2017.12.08"]
[Round "8.74"]
[White "Ongut, Tamas Gunes"]
[Black "Jekel, Wolfgang"]
[Result "1-0"]
[WhiteElo "2119"]
[BlackElo "1787"]
[WhiteFideId "770280"]
[BlackFideId "4690370"]
[EventDate "2017.12.02"]

1. e4 d5 2. exd5 Qxd5 3. Nc3 Qd6 4. d4 Nf6 5. Nf3 c6 6. Ne5 Nbd7 7. f4 g6 8. Bc4
Nd5 9. Ne4 Qc7 10. Qf3 Bg7 11. Be3 O-O 12. O-O-O b5 13. Be2 a5 14. g4 b4 15. h4
a4 16. h5 Nxe5 17. dxe5 Nxe3 18. Qxe3 Be6 19. hxg6 hxg6 20. Ng5 Bxa2 21. Rh7
Rfd8 22. Rdh1 e6 23. Qh3 Kf8 24. Rxg7 1-0

[Event "London Classic Open 2017"]
[Site "London ENG"]
[Date "2017.12.08"]
[Round "8.75"]
[White "McKerracher, Douglas"]
[Black "Coote, Trevor D"]
[Result "0-1"]
[WhiteElo "1915"]
[BlackElo "2104"]
[WhiteFideId "2401002"]
[BlackFideId "410039"]
[EventDate "2017.12.02"]

1. e4 e6 2. d3 d5 3. Nd2 Nf6 4. Ngf3 Nc6 5. e5 Nd7 6. d4 f6 7. Bb5 fxe5 8. dxe5
Be7 9. O-O O-O 10. Re1 Nb6 11. Nb3 a6 12. Bxc6 bxc6 13. Na5 Qe8 14. c3 c5 15.
Nb3 a5 16. Bg5 a4 17. Bxe7 Qxe7 18. Nbd2 Ba6 19. Qc2 Rf5 20. b3 Raf8 21. c4 g5
22. h3 Bb7 23. Qd3 dxc4 24. bxc4 Rd8 25. Qe3 h5 26. Rac1 Rdf8 27. Ne4 Bxe4 28.
Qxe4 Qf7 29. Rf1 Rf4 30. Qe2 Qe7 31. Nh2 Qh7 32. f3 Rd4 33. Rfd1 Rfd8 34. Nf1
Rxd1 35. Rxd1 Rxd1 36. Qxd1 Qd7 37. Qc2 Qd4+ 38. Kh1 Kg7 39. Nd2 Qa1+ 40. Kh2
Qxe5+ 41. Kh1 Qd4 42. Kh2 h4 43. Kh1 Qa1+ 44. Kh2 Qe5+ 45. Kg1 a3 46. Kf2 Qb2
47. Qd3 Qd4+ 48. Ke2 Na4 49. Qxd4+ cxd4 50. Nb1 c5 51. Nxa3 Nc3+ 52. Kd2 Nxa2
53. Nb5 Kf6 54. Nd6 Nc3 55. Nb7 Na4 56. Nd6 Ke5 57. Ne4 Kf4 58. Ke1 Ke3 59. Nxg5
Nc3 0-1

[Event "London Classic Open 2017"]
[Site "London ENG"]
[Date "2017.12.08"]
[Round "8.76"]
[White "Russell, Christopher"]
[Black "Tivillier, Jacques"]
[Result "1-0"]
[WhiteElo "2103"]
[BlackElo "1751"]
[WhiteFideId "413569"]
[BlackFideId "417254"]
[EventDate "2017.12.02"]

1. f4 e5 2. d3 Nc6 3. Nf3 d6 4. e4 exf4 5. Bxf4 Qf6 6. Qc1 h6 7. Nc3 Be6 8. h4
g6 9. Qd2 Bg7 10. Be3 Nge7 11. d4 Bg4 12. O-O-O O-O-O 13. d5 Ne5 14. Be2 Bxf3
15. Rdf1 c5 16. gxf3 Kb8 17. f4 Nd7 18. e5 dxe5 19. fxe5 Qb6 20. Rxf7 Nf5 21. e6
Bd4 22. Rxf5 gxf5 23. exd7 Rxd7 24. Rd1 Bxe3 25. Qxe3 Qd6 26. Nb5 Qh2 27. Qxc5
b6 28. Qc6 Rhd8 29. Bc4 Qxh4 30. d6 Qf4+ 31. Rd2 Qe4 32. Bd5 1-0

[Event "London Classic Open 2017"]
[Site "London ENG"]
[Date "2017.12.08"]
[Round "8.77"]
[White "Siddharth, Sabharishankar"]
[Black "Mitra, Roman C"]
[Result "1/2-1/2"]
[WhiteElo "1837"]
[BlackElo "2100"]
[WhiteFideId "25068563"]
[BlackFideId "419540"]
[EventDate "2017.12.02"]

1. e4 c5 2. Nf3 a6 3. c3 e6 4. d4 d5 5. exd5 Qxd5 6. Be2 Nf6 7. Be3 cxd4 8. Qxd4
Qxd4 9. Nxd4 Nd5 10. Bd2 e5 11. Nb3 Nc6 12. Na3 Be7 13. Nc4 f5 14. Nba5 Nxa5 15.
Nxa5 Bf6 16. c4 Ne7 17. Bc3 b6 18. Nb3 Bb7 19. f3 O-O 20. O-O-O Rfd8 21. Rxd8+
Rxd8 22. Rd1 Rxd1+ 23. Kxd1 Nc6 24. a4 Be7 25. c5 bxc5 26. Bc4+ Kf8 27. Bd5 Bd6
28. Nd2 Ke7 29. Nc4 1/2-1/2

[Event "London Classic Open 2017"]
[Site "London ENG"]
[Date "2017.12.08"]
[Round "8.78"]
[White "Gu, In Jung"]
[Black "Hebbes, Tim"]
[Result "1-0"]
[WhiteElo "1664"]
[BlackElo "2097"]
[WhiteFideId "13200232"]
[BlackFideId "406570"]
[EventDate "2017.12.02"]

1. e4 e6 2. d3 d5 3. Nd2 Nc6 4. Ngf3 Nf6 5. g3 dxe4 6. dxe4 Bc5 7. Bg2 e5 8. O-O
O-O 9. c3 a5 10. Qc2 b6 11. Nc4 Ba6 12. Rd1 Qe7 13. Ne3 Rad8 14. Nd5 Nxd5 15.
exd5 Nb8 16. Ng5 g6 17. Ne4 Nd7 18. Bh6 Rfe8 19. Bh3 f6 20. a3 Bd6 21. b4 Bc4
22. bxa5 bxa5 23. Bxd7 Rxd7 24. Qa4 Be2 25. Re1 Bg4 26. Nxd6 Rxd6 27. Qxg4 g5
28. h4 Qf7 29. hxg5 f5 30. Qa4 Qh5 31. Qxa5 f4 32. Qxc7 Qg6 33. gxf4 Rxd5 34.
Rad1 Rxd1 35. Rxd1 exf4 36. Rd8 Qb1+ 37. Kh2 1-0

[Event "London Classic Open 2017"]
[Site "London ENG"]
[Date "2017.12.08"]
[Round "8.79"]
[White "Iraqui, Youssef"]
[Black "Duncan, Chris R"]
[Result "0-1"]
[BlackTitle "FM"]
[WhiteElo "1932"]
[BlackElo "2242"]
[WhiteFideId "9000666"]
[BlackFideId "403091"]
[EventDate "2017.12.02"]

1. e4 c5 2. Nf3 d6 3. Bb5+ Bd7 4. Bxd7+ Qxd7 5. c4 Nf6 6. Nc3 g6 7. O-O Bg7 8.
d4 cxd4 9. Nxd4 O-O 10. f3 Nc6 11. Nde2 Rfc8 12. b3 a6 13. a4 Qd8 14. Be3 Nd7
15. Rb1 Rab8 16. Kh1 Nc5 17. Qd2 b6 18. Rfd1 Rb7 19. Nd4 Nxd4 20. Bxd4 Qf8 21.
Qf2 h5 22. h3 Bxd4 23. Qxd4 Qh6 24. Nd5 Qg7 25. Qxg7+ Kxg7 26. h4 Kf8 27. Nc3
Rd7 28. Kg1 e6 29. Kf2 Ke7 30. Ke3 Rdc7 31. g4 hxg4 32. fxg4 Rh8 33. Rh1 Rcc8
34. Kd4 Rh7 35. b4 Nd7 36. a5 Ne5 37. Rb3 Rxc4+ 38. Ke3 bxa5 39. bxa5 Nxg4+ 40.
Kd3 Ne5+ 41. Ke2 Rh5 42. Ra1 Rxh4 43. Rb7+ Kf8 44. Nb5 Rhxe4+ 45. Kf2 axb5 46.
a6 Ra4 47. Rxa4 Rxa4 48. a7 Kg7 0-1

[Event "London Classic Open 2017"]
[Site "London ENG"]
[Date "2017.12.08"]
[Round "8.80"]
[White "De Coverly, Roger D"]
[Black "Bremner, Adam"]
[Result "1/2-1/2"]
[BlackTitle "CM"]
[WhiteElo "1921"]
[BlackElo "2231"]
[WhiteFideId "405213"]
[BlackFideId "2400847"]
[EventDate "2017.12.02"]

1. e4 c6 2. d4 d5 3. e5 Bf5 4. Nf3 e6 5. Be2 h6 6. Be3 Nd7 7. Nbd2 Ne7 8. Nb3
Bh7 9. O-O g5 10. Ne1 Nf5 11. Bd2 Be7 12. c3 Qc7 13. Nc2 O-O-O 14. Ne3 Ng7 15.
Rc1 f6 16. c4 dxc4 17. Bxc4 fxe5 18. d5 exd5 19. Ba5 b6 20. Nxd5 Qd6 21. Bb4 c5
22. Bc3 Be4 23. Ba6+ Kb8 24. Nxe7 Qxe7 25. Qe2 Bc6 26. Bb5 Kb7 27. a4 Rhe8 28.
Rfe1 Nb8 29. Qxe5 Qxe5 30. Bxe5 Nf5 31. Bf6 Rxe1+ 32. Rxe1 Rd6 33. Bc3 Bxb5 34.
axb5 a6 35. bxa6+ Nxa6 36. f3 Kc6 37. Kf2 c4 38. Re5 Rd5 39. Rxf5 cxb3 40. Rxd5
Kxd5 41. Ke3 Nc5 42. g3 b5 43. h3 h5 44. Bf6 Ke6 45. Bd4 Na4 46. Ke4 b4 47. Kd3
Kf5 48. Kc4 h4 49. g4+ Kf4 50. Kxb3 Nxb2 51. Bxb2 Kxf3 52. Bc1 Kg2 53. Bxg5 Kxh3
54. Bxh4 Kxh4 55. Kxb4 Kxg4 1/2-1/2

[Event "London Classic Open 2017"]
[Site "London ENG"]
[Date "2017.12.08"]
[Round "8.82"]
[White "Cole, James"]
[Black "Osborne, Marcus E"]
[Result "0-1"]
[WhiteElo "1886"]
[BlackElo "2175"]
[WhiteFideId "431818"]
[BlackFideId "404608"]
[EventDate "2017.12.02"]

1. d4 Nf6 2. Nf3 d6 3. c4 g6 4. Nc3 Bg7 5. Bg5 h6 6. Bf4 Nc6 7. e3 Nh5 8. Bg3
O-O 9. Be2 Qe8 10. O-O Bg4 11. Nb5 Qd8 12. d5 Nxg3 13. hxg3 Nb8 14. Qd2 c5 15.
Nc3 Qa5 16. Ne4 Qxd2 17. Nexd2 Bxb2 18. Rab1 Bc3 19. Ne4 Bb4 20. a3 Bf5 21. Bd3
Bxa3 22. Rxb7 a5 23. Rxe7 Bb4 24. g4 Bxe4 25. Bxe4 a4 26. Rb7 a3 27. Nd4 cxd4
28. Rxb4 Na6 29. Rb6 Nc5 30. Bb1 dxe3 31. fxe3 a2 32. Bxa2 Rxa2 33. Rxd6 Rb8 0-1

[Event "London Classic Open 2017"]
[Site "London ENG"]
[Date "2017.12.08"]
[Round "8.83"]
[White "Balaji, Aaravamudhan"]
[Black "Bates, Caspar J"]
[Result "0-1"]
[WhiteElo "1884"]
[BlackElo "2112"]
[WhiteFideId "436224"]
[BlackFideId "414760"]
[EventDate "2017.12.02"]

1. d4 Nf6 2. Nf3 e6 3. g3 b5 4. Bg2 Bb7 5. O-O c5 6. e3 a6 7. b3 Be7 8. Bb2 O-O
9. Nbd2 cxd4 10. exd4 d6 11. c4 Nbd7 12. Re1 Rb8 13. Qe2 Re8 14. Ng5 Bf8 15. f4
Bxg2 16. Qxg2 bxc4 17. Nxc4 h6 18. Nf3 d5 19. Nce5 Rc8 20. Rec1 Qb6 21. Qe2 Qb7
22. Qd3 Nxe5 23. Nxe5 Ne4 24. Nf3 Bb4 25. Ne1 Bd2 26. Rxc8 Rxc8 27. Rd1 Bc3 28.
Ba3 Bxe1 29. Rxe1 Rc3 30. Qe2 Qc6 31. Rd1 Rc2 32. Qd3 Nf2 33. Qf3 Nxd1 34. Qxd1
Qc3 0-1

[Event "London Classic Open 2017"]
[Site "London ENG"]
[Date "2017.12.08"]
[Round "8.84"]
[White "Clancy, Martin J"]
[Black "Maroroa, Sue"]
[Result "0-1"]
[BlackTitle "WIM"]
[WhiteElo "1855"]
[BlackElo "2111"]
[WhiteFideId "2403404"]
[BlackFideId "4301498"]
[EventDate "2017.12.02"]

1. e4 e5 2. Nf3 Nc6 3. Bb5 a6 4. Ba4 Nf6 5. O-O b5 6. Bb3 Bc5 7. c3 d6 8. Re1
O-O 9. d3 Bb6 10. Be3 Bxe3 11. Rxe3 Ng4 12. Re1 Na5 13. Bc2 f5 14. Nbd2 f4 15.
d4 Qf6 16. b4 Nc6 17. Bb3+ Kh8 18. Bd5 Bd7 19. a4 Rab8 20. axb5 axb5 21. Bxc6
Bxc6 22. d5 Bb7 23. Ra7 Qd8 24. Qe2 Nf6 25. Nb3 c6 26. Rxb7 Rxb7 27. dxc6 Rb6
28. Na5 Qc7 29. Ng5 Rc8 30. Rd1 h6 31. h4 hxg5 32. hxg5 Ne8 33. Qh5+ Kg8 34. Rd3
Qf7 35. Qg4 Rc7 36. g6 Qf6 37. Rh3 Kf8 38. Qd7 Rxd7 39. cxd7 Ke7 0-1

[Event "London Classic Open 2017"]
[Site "London ENG"]
[Date "2017.12.08"]
[Round "8.85"]
[White "Ensmenger, Hugo"]
[Black "Coleman, David J"]
[Result "1-0"]
[BlackTitle "CM"]
[WhiteElo "1829"]
[BlackElo "2076"]
[WhiteFideId "1317407"]
[BlackFideId "402087"]
[EventDate "2017.12.02"]

1. d4 Nf6 2. Bf4 g6 3. Nc3 d5 4. e3 Bg7 5. h4 h6 6. Bd3 a6 7. Nce2 Nc6 8. c3 e5
9. dxe5 Ng4 10. Nf3 Ncxe5 11. Nxe5 Nxe5 12. Bxe5 Bxe5 13. Qd2 c6 14. O-O-O Qa5
15. Kb1 Bd7 16. Bc2 O-O-O 17. Nd4 Qb6 18. Nf3 Bg7 19. Ne1 c5 20. Rc1 Be6 21. Nf3
Kb8 22. Rhd1 Ka8 23. Qe1 Rhe8 24. Bb3 Bf5+ 25. Ka1 d4 26. cxd4 cxd4 27. Nd2 dxe3
28. Nc4 Qf6 29. Rxd8+ Qxd8 30. Nxe3 Qxh4 31. Rc4 Qf6 32. Qc1 Be6 33. Rc2 Bxb3
34. axb3 Qe6 35. Qd1 Ka7 36. Ka2 Rc8 37. Rd2 Qc6 38. Nc4 Rc7 39. f3 Qc5 40. Rd5
Qf2 41. Rd2 Qc5 42. Rd5 Qb4 43. Qe2 h5 44. Qe3+ b6 45. Qd3 Qe7 46. Rd6 Rb7 47.
Nxb6 Qxd6 48. Nc8+ 1-0

[Event "London Classic Open 2017"]
[Site "London ENG"]
[Date "2017.12.08"]
[Round "8.86"]
[White "Kalaiyalahan, Akshaya"]
[Black "Marcos Herrero, Francisco"]
[Result "1-0"]
[WhiteTitle "FM"]
[WhiteElo "2067"]
[BlackElo "1897"]
[WhiteFideId "422894"]
[BlackFideId "2279045"]
[EventDate "2017.12.02"]

1. d4 Nf6 2. c4 c5 3. d5 b5 4. cxb5 a6 5. bxa6 g6 6. Nc3 Bxa6 7. e4 Bxf1 8. Kxf1
d6 9. Nf3 Bg7 10. g3 Nbd7 11. Kg2 O-O 12. a4 Ng4 13. Qe2 Qa5 14. h3 Nge5 15.
Nxe5 Nxe5 16. f4 Nd7 17. Bd2 Rfb8 18. Nb5 Qb6 19. Rhb1 Qa6 20. Qf3 Qc8 21. Bc3
Nb6 22. b3 c4 23. Bxg7 Kxg7 24. Nd4 Qc5 25. Nc6 cxb3 26. Nxb8 Qc2+ 27. Qf2 Qxe4+
28. Kg1 Nxd5 29. Rxb3 Nf6 30. Rab1 Rxa4 31. Qe3 Qa8 32. Qf3 Qa7+ 33. Qf2 Qa8 34.
Qg2 Qa7+ 35. Kh2 Rc4 36. R1b2 Rc1 37. Nc6 Qc5 38. Nb4 Qh5 39. g4 Qa5 40. Nd3 Rc4
41. Ra2 Qc7 42. Rb7 Qc8 43. Rxe7 Rc3 44. Raa7 Ne8 45. Rxf7+ Kg8 46. Qd5 Rc2+ 47.
Kg3 1-0

[Event "London Classic Open 2017"]
[Site "London ENG"]
[Date "2017.12.08"]
[Round "8.87"]
[White "Mugalu, Hassan"]
[Black "Peters, Stephen G"]
[Result "1-0"]
[WhiteElo "1798"]
[BlackElo "2050"]
[WhiteFideId "451533"]
[BlackFideId "406040"]
[EventDate "2017.12.02"]

1. Nf3 d5 2. d4 Nf6 3. Bf4 e6 4. e3 Bd6 5. Bg5 O-O 6. Bd3 b6 7. Nbd2 c5 8. c3
Ba6 9. Bc2 Nc6 10. Qb1 h6 11. Bh7+ Kh8 12. h4 Be7 13. Bc2 Qd7 14. Bd3 Bb7 15.
Qc2 Rac8 16. Bb5 a6 17. Ne5 Qe8 18. Bxc6 Bxc6 19. O-O-O Ba4 20. b3 cxd4 21. exd4
Bb4 22. Rh3 Bb5 23. Kb2 Be7 24. g4 a5 25. Bf4 Nd7 26. g5 Nxe5 27. Bxe5 h5 28.
Nf3 a4 29. Qd2 axb3 30. axb3 Ra8 31. Ne1 Bc4 32. Nc2 Bxb3 33. Kxb3 Qa4+ 34. Kb2
Qa2+ 35. Kc1 Qb3 36. Qd3 Rfc8 37. Kd2 Ra2 38. Ra1 Bb4 39. Rxa2 Bxc3+ 40. Qxc3
Rxc3 41. Ra8+ Kh7 42. Rxc3 Qb5 43. Rcc8 Qf1 44. Rh8+ Kg6 45. Bg3 Qg2 46. Ra7 Qe4
47. Rf8 f6 48. Rff7 1-0

[Event "London Classic Open 2017"]
[Site "London ENG"]
[Date "2017.12.08"]
[Round "8.88"]
[White "Iyengar, Ilya"]
[Black "Rizzoli, Aluna"]
[Result "1/2-1/2"]
[WhiteElo "2044"]
[BlackElo "1899"]
[WhiteFideId "405949"]
[BlackFideId "843881"]
[EventDate "2017.12.02"]

1. d4 Nf6 2. Nf3 b6 3. g3 Bb7 4. Bg2 e6 5. O-O Be7 6. c4 d5 7. cxd5 exd5 8. Bf4
O-O 9. Nc3 c5 10. Rc1 Nc6 11. Qd3 Rc8 12. Rfd1 Nb4 13. Qb1 Re8 14. a3 Na6 15.
dxc5 Nxc5 16. Ng5 d4 17. Bxb7 Nxb7 18. Be5 Rc5 19. Bxd4 Rxg5 20. Bxf6 Bxf6 21.
Rxd8 Bxd8 22. b4 Rge5 23. Qd3 R5e6 24. Rd1 Nd6 25. e3 a5 26. Nd5 Ne4 27. Nf4 Rd6
28. Qc2 Rxd1+ 29. Qxd1 g6 30. Qd7 Nf6 31. Qb5 axb4 32. axb4 Kg7 33. Qc6 Re4 34.
b5 Re5 35. Qd6 Re8 36. Qd4 Bc7 37. Nd5 Be5 38. Qc4 Re6 39. Kg2 Nxd5 40. Qxd5 Bf6
41. e4 Re5 42. Qd3 Re6 43. f4 Be7 44. e5 h5 45. h3 Bc5 46. g4 hxg4 47. hxg4 g5
48. Kf3 gxf4 49. Kxf4 Rg6 50. Kf5 Re6 51. g5 Rg6 52. Qd7 Kf8 53. Qc8+ Ke7 54.
Kf4 Re6 55. Qh8 Bd4 56. Kf5 Bc5 57. Qh4 Kf8 58. Qh8+ Ke7 59. Qh4 Kf8 60. Qh7 Ke7
61. Qh8 1/2-1/2

[Event "London Classic Open 2017"]
[Site "London ENG"]
[Date "2017.12.08"]
[Round "8.90"]
[White "Miller, Dominic"]
[Black "Newton, Andrew"]
[Result "0-1"]
[WhiteElo "2018"]
[BlackElo "1886"]
[WhiteFideId "438065"]
[BlackFideId "2403285"]
[EventDate "2017.12.02"]

1. e4 e5 2. Nf3 Nc6 3. Bb5 a6 4. Ba4 Nf6 5. O-O Nxe4 6. d4 b5 7. Bb3 d5 8. dxe5
Be6 9. c3 Bc5 10. Nbd2 O-O 11. Bc2 Nxf2 12. Rxf2 f6 13. exf6 Bxf2+ 14. Kxf2 Qxf6
15. Kg1 Rae8 16. Bd3 Ne5 17. Nxe5 Qf2+ 18. Kh1 Bg4 19. Nef3 Rxf3 20. Nxf3 Bxf3
21. gxf3 Re1+ 22. Qxe1 Qxe1+ 23. Kg2 Qd1 24. Bf1 c5 25. Kf2 d4 26. cxd4 cxd4 27.
Be2 Qh1 28. Bf1 Qxh2+ 29. Bg2 Qc7 30. Bd2 Qc2 31. Ke2 Qxb2 32. Rc1 Qxa2 33. f4
b4 34. Kd3 a5 35. f5 h6 36. Be4 Kf8 37. Bf4 b3 38. Bd5 Qa3 39. Rc8+ Ke7 40. Rc7+
Kd8 41. Rxg7 b2+ 42. Kxd4 Qb4+ 0-1

[Event "London Classic Open 2017"]
[Site "London ENG"]
[Date "2017.12.08"]
[Round "8.91"]
[White "Ditmas, Hugh"]
[Black "Sarvesh, Kumar A"]
[Result "0-1"]
[WhiteElo "2004"]
[BlackElo "1877"]
[WhiteFideId "1270666"]
[BlackFideId "35019236"]
[EventDate "2017.12.02"]

1. d4 d5 2. c4 c6 3. Nf3 Nf6 4. Nc3 e6 5. Bg5 dxc4 6. e4 b5 7. e5 h6 8. Bh4 g5
9. Nxg5 hxg5 10. Bxg5 Nbd7 11. exf6 Bb7 12. g3 c5 13. d5 Qb6 14. Bg2 O-O-O 15.
O-O b4 16. Na4 Qb5 17. a3 Nb8 18. axb4 cxb4 19. Be3 Bxd5 20. Qe2 Nc6 21. Rfd1
Bxg2 22. Rxd8+ Kxd8 23. Kxg2 Qh5 24. Qxh5 Rxh5 25. Rd1+ Kc7 26. Bf4+ Kc8 27. Rc1
Na5 28. h4 Kb7 29. Bg5 Kc6 30. g4 Rh8 31. b3 Nxb3 32. Rxc4+ Kb5 33. Nb2 Bc5 34.
Re4 a5 35. Nd3 a4 36. Nxc5 Nxc5 37. Re5 a3 38. Be3 Rc8 39. h5 a2 40. Bd4 Kc4 41.
Ba1 Nb3 42. Re4+ Kb5 43. Bb2 a1=Q 44. Bxa1 Nxa1 45. g5 b3 46. Re1 Nc2 47. Rb1
Kb4 48. Kg3 Rf8 49. Kf4 Nd4 50. Rd1 Kc3 51. Ke4 b2 52. f4 Ne2 53. Rb1 Ng3+ 54.
Ke5 Nxh5 55. Rf1 Kc2 56. Rf2+ Kb3 57. Rf1 Nxf4 58. Kxf4 Ka2 59. Ke5 Rg8 60. Kd6
Rxg5 61. Ke7 Rf5 62. Kxf7 Rxf1 0-1

[Event "London Classic Open 2017"]
[Site "London ENG"]
[Date "2017.12.08"]
[Round "8.92"]
[White "Volovich, Julia"]
[Black "Kobas, Mihael"]
[Result "0-1"]
[WhiteElo "1546"]
[BlackElo "2001"]
[WhiteFideId "447099"]
[BlackFideId "14537133"]
[EventDate "2017.12.02"]

1. d4 d5 2. c4 c6 3. Nf3 Nf6 4. Qc2 dxc4 5. Qxc4 Bf5 6. Bg5 e6 7. Nc3 Be7 8. e3
h6 9. Bh4 Nbd7 10. Qb3 Qb6 11. Qxb6 Nxb6 12. Be2 O-O 13. O-O Rfe8 14. a3 a5 15.
Rac1 Nbd5 16. Nxd5 exd5 17. Ne5 Ne4 18. Bxe7 Rxe7 19. Bd3 f6 20. Nf3 Nd6 21.
Bxf5 Nxf5 22. Rc5 a4 23. Rfc1 Nd6 24. Nd2 Ra6 25. R1c2 Kf7 26. Kf1 Ke8 27. h3
Kd7 28. Kg1 Re6 29. Kf1 b5 30. R5c3 Nc4 31. Nxc4 bxc4 32. g3 Re8 33. Re2 Rb6 34.
f3 Reb8 35. Rcc2 Rb3 36. h4 Rd3 37. Kf2 Rbb3 38. Rcd2 Rxd2 39. Rxd2 c3 40. bxc3
Rxc3 41. Ke2 Rxa3 42. Rd3 Rxd3 43. Kxd3 c5 44. Kc3 Kc6 45. e4 cxd4+ 46. Kxd4
dxe4 47. fxe4 Kd6 48. Kc4 0-1

[Event "London Classic Open 2017"]
[Site "London ENG"]
[Date "2017.12.08"]
[Round "8.93"]
[White "Myall, Ivan J"]
[Black "Sajjadi, Kimiya"]
[Result "1/2-1/2"]
[WhiteElo "2001"]
[BlackElo "1876"]
[WhiteFideId "425168"]
[BlackFideId "1516434"]
[EventDate "2017.12.02"]

1. e4 e6 2. d4 d5 3. e5 c5 4. c3 Nc6 5. Be3 Qb6 6. Qd2 cxd4 7. cxd4 Bd7 8. Nc3
Nh6 9. Nf3 Nf5 10. Be2 Be7 11. g4 Nxe3 12. fxe3 Rc8 13. O-O Na5 14. e4 dxe4 15.
Nxe4 Nc4 16. Qf4 h6 17. Rac1 Na5 18. Rxc8+ Bxc8 19. Nfd2 Qxd4+ 20. Kh1 Kd8 21.
Nc4 Nxc4 22. Rd1 Qxd1+ 23. Bxd1 Bd7 24. b3 Nb6 25. Nd6 Bc6+ 26. Bf3 Nd5 27. Bxd5
Bxd5+ 28. Kg1 Rf8 29. Qd4 b6 30. Qa4 a5 31. Qb5 Kc7 32. Qa6 Bxd6 33. exd6+ Kc6
34. Qa7 Kxd6 35. Qxb6+ Ke5 36. Qxa5 Rc8 37. Qe1+ Kd4 38. Qb4+ Ke5 39. Qe1+ Kd6
40. Qg3+ e5 41. Qe3 Rc2 42. Qb6+ Ke7 43. a4 Rg2+ 44. Kf1 Rxg4 45. a5 Rf4+ 46.
Ke2 Re4+ 47. Kd3 Rd4+ 48. Kc3 f5 49. a6 f4 50. a7 f3 51. Qc7+ Kf6 52. Qd8+ Ke6
53. Qe8+ Kf5 54. a8=Q Bxa8 55. Qxa8 Kg4 56. Qa2 Rf4 57. Qf2 e4 58. Kd4 g5 59.
Ke3 Kf5 60. b4 Rg4 61. Qc2 Rf4 62. Qc5+ Kg4 63. Kf2 Kh3 64. b5 Rg4 65. Qf5 h5
66. b6 Kxh2 67. b7 Rg2+ 68. Ke1 Rg1+ 69. Kd2 Rb1 70. Qxe4 Rb2+ 71. Ke1 Kg2 72.
Qd4 f2+ 73. Qxf2+ Rxf2 74. b8=Q Rf1+ 75. Ke2 Rf2+ 76. Ke3 Rf3+ 77. Ke4 Rf4+ 78.
Ke3 Kg3 79. Qd8 Kg4 80. Qd1+ Kh4 81. Qe1+ Kg4 82. Qe2+ Kh4 83. Qg2 Rf8 84. Ke4
Rf7 85. Ke3 Rf4 86. Qh1+ Kg4 87. Qg1+ Kh4 88. Qg2 Rf8 89. Qh1+ Kg4 90. Qe4+ Rf4
91. Qe6+ Kh4 92. Ke2 Kg3 93. Qh6 Kg4 94. Qe6+ Kh4 95. Qd6 Kg4 96. Qd5 Kh4 97.
Ke3 Kg4 98. Qd1+ Kh4 99. Qd2 Kg4 100. Qg2+ Kh4 101. Ke2 Rf8 1/2-1/2

[Event "London Classic Open 2017"]
[Site "London ENG"]
[Date "2017.12.08"]
[Round "8.94"]
[White "Riedener, Toni"]
[Black "Lochte, Szilvia"]
[Result "1/2-1/2"]
[WhiteElo "1989"]
[BlackElo "1850"]
[WhiteFideId "1302698"]
[BlackFideId "708410"]
[EventDate "2017.12.02"]

1. d4 Nf6 2. c4 e6 3. Nc3 Bb4 4. g3 c5 5. Nf3 cxd4 6. Nxd4 O-O 7. Bg2 d5 8. Nc2
Bxc3+ 9. bxc3 dxc4 10. O-O Nc6 11. Ba3 Re8 12. Ne3 Qa5 13. Nxc4 Qa6 14. Qb3 Rd8
15. Rfd1 Bd7 16. Bd6 Rac8 17. Bf4 Nd5 18. Bg5 f6 19. Rxd5 exd5 20. Bxd5+ Kf8 21.
Bf4 Ne7 22. Bd6 Qa4 23. Bb4 Qxb3 24. axb3 b5 25. Ne3 Ke8 26. Rxa7 Nc6 27. Bxc6
Rxc6 28. Nc2 Rdc8 1/2-1/2